000 00480nam a2200145Ia 4500
003 SGT
020 _a9788190675765
082 _a621.82
_bRAO
100 _aRao,T. Krishna
245 _aDesign of machine elements
260 _bI.K. International Publishing House Pvt. Ltd.
_aNew Delhi
_c2008
650 _aAPPLIED PHYSICS
653 _aINTRODUCTION,THEORIES OF FAILURE,STRESS CONCENTRATION,FLUCTUATING OR VARIABLE LOADS,IMPACT LOADING,SHAFTS,KEYS AND COUPLINGS
942 _2ddc
_cBK
_05
999 _c4960
_d4960